000
00264nam a2200109Ia 4500
008
220104s9999 xx 000 0 und d
100
_a
Sen K C
245
0
_a
Rubber seed kernel as cattle food
650
_a
Cattle feed
650
_a
Rubber seed kernel
942
_c
BE
999
_c
47389
_d
47389